Experimental Science for Indian Schools / (Record no. 179697)

000 -LEADER
fixed length control field 01294 a2200217 4500
003 - CONTROL NUMBER IDENTIFIER
control field Nust
005 - DATE AND TIME OF LATEST TRANSACTION
control field 20230315121748.0
010 ## - LIBRARY OF CONGRESS CONTROL NUMBER
LC control number 93031074
020 ## - INTERNATIONAL STANDARD BOOK NUMBER
International Standard Book Number 0531111660
040 ## - CATALOGING SOURCE
Transcribing agency Nust
082 00 - DEWEY DECIMAL CLASSIFICATION NUMBER
Classification number 500.954,GRE
100 1# - MAIN ENTRY--PERSONAL NAME
Personal name Gregory, Sir Richard
9 (RLIN) 110307
245 10 - TITLE STATEMENT
Title Experimental Science for Indian Schools /
Statement of responsibility, etc. Sir Richard Gregory, Bart and F W Hodges
260 ## - PUBLICATION, DISTRIBUTION, ETC.
Place of publication, distribution, etc. London
Name of publisher, distributor, etc. Macmillan
Date of publication, distribution, etc. c1946
300 ## - PHYSICAL DESCRIPTION
Extent 479 p. :
Other physical details ill ;
Dimensions 24 cm.
440 #3 - SERIES STATEMENT/ADDED ENTRY--TITLE
Title An experimental science book
9 (RLIN) 110308
505 ## - FORMATTED CONTENTS NOTE
Formatted contents note Measurement of Space and Time (Page-1), Mass, Weight and Density (Page-31), Physical Properties and States of Matter (Page-41), Liquid Pressure (Page-57), Pressure of the Atmosphere (Page-73), Propagation Through Air (Page-95), Motion, Force, Gravity, Work and Power (Page-101), Parallel Forces (Page-119), Effects of Heat (Page-137), Quantity of Heat (Page-159), Transference of Heat (Page-195), Light (Page-217), Magnetism and Current Electricity (Page-245), Static Electricity (Page-281), Introductory Chemistry (Page-295), Burning and Rusting (Page-305), The Chief Gases of the Air (Page-323), Water (Page-341), Sulphur (Page-355), Carbon and Coal Combustion (Page-363).
650 #0 - SUBJECT ADDED ENTRY--TOPICAL TERM
Topical term or geographic name entry element Experimenting with science
9 (RLIN) 110309
700 1# - ADDED ENTRY--PERSONAL NAME
Personal name Collins, Betty.
9 (RLIN) 110310
942 ## - ADDED ENTRY ELEMENTS (KOHA)
Source of classification or shelving scheme
Koha item type Book
Holdings
Withdrawn status Lost status Source of classification or shelving scheme Damaged status Not for loan Permanent Location Current Location Shelving location Date acquired Full call number Barcode Date last seen Price effective from Koha item type Public note
          Military College of Signals (MCS) Military College of Signals (MCS) General Stacks 12/12/2016 500.954,GRE MCS6018 12/08/2016 12/12/2016 Book Almirah No.74, Shelf No.4
© 2023 Central Library, National University of Sciences and Technology. All Rights Reserved.